000 00501cam a2200205ua 4500
001 7394
005 20260515114215.0
008 141224n ii |||gr||||Z||||||ben
040 _cMAIN
041 _aben
082 _a891.442
100 _aTagore, R.,
_eAuthor.
245 _aBisarjan
_cBy Rabindranath Tagore
250 _a4th rev.
260 _aKolkatta:
_bBiswabharati,
_c1972.
300 _a128p.
653 _aEast Indo-European & Celtic literatures
653 _aBengali drama
942 _cBK
999 _c6512
_d6512